Statistics for WWE Champions by Year - 1986

Click here to take the quiz!

General Stats

  • This quiz has been taken 33 times
  • The average score is 3 of 5

Answer Stats

TitleDateEventWrestler% Correct
Women'sJuly 9House showThe Fabulous Moolah
93%
IntercontinentalFebruary 8WWE on NESNRandy Savage
87%
Tag TeamApril 7WrestleMania 2Davey Boy Smith
60%
Tag TeamApril 7WrestleMania 2Dynamite Kid
60%
Women'sJuly 3House showVelvet McIntyre
27%

Score Distribution

Percentile by Number Answered

Percent of People with Each Score

Your Score History

You have not taken this quiz